ბათუმის შოთა რუსთაველის სახელმწიფო უნივერსიტეტის ბიბლიოთეკა

საინჟინრო გეოლოგია, საინჟინრო პეტროლოგია : სახელმძღვ. / (ბიბ.ჩანაწერი № 39871)

000 -ლიდერი
ფიქსირებული სიგრძის საკონტროლო ველი 01244nam a2200253Ia 4500
001 - საკონტროლო ნომერი
საკონტროლო ველი 6476
003 - საკონტროლო ნომრის იდენტიფიკატორი
საკონტროლო ველი GE_BSU
005 - ბოლო ოპერაციის თარიღი და დრო
საკონტროლო ველი 20190530154727.0
008 - ფიქსირებული სიგრძის მონაცემთა ელემენტები - ზოგადი ინფორმაცია
ფიქსირებული სიგრძის საკონტროლო ველი 181216s1985|||| |||||||||||||| ||geo||
040 ## - კატალოგიზაციის წყარო
Transcribing agency GE_BSU
041 ## - ენის კოდი
Language code of text/sound track or separate title geo
080 ## - უნივერსალური ათობითი კლასიფიკაციის ინდექსი
Universal Decimal Classification number 624.13:55(075.8) ლ-31
100 ## - მთავარი ჩანაწერი - პიროვნების სახელი
Personal name ლომთაძე,ვ.
9 (RLIN) 1846
245 ## - ცნობა სათაურის შესახებ
Title საინჟინრო გეოლოგია, საინჟინრო პეტროლოგია : სახელმძღვ. /
Statement of responsibility, etc ვ. ლომთაძე ; მთარგმნ.: თ.ლორთქიფანიძე ; რედ : მ.ღუდუშაური ; ვ. გოგსაძე.
264 ## - წარმოების, გამოცემის, დისტრიბუციის და სხვა ცნობები
გამოცემის, წარმოების, დისტრიბუციის... ადგილი თბილისი :
გამოცემის, წარმოების, დისტრიბუციის... სახელწოდება განათლება,
გამოცემის, წარმოების, დისტრიბუციის... თარიღი 1985.
300 ## - ფიზიკური აღწერა
Extent 483 გვ.:
Dimensions 26 სმ.
504 ## - BIBLIOGRAPHY, ETC. NOTE
Bibliography, etc ბიბლიოგრ.:გვ.478-480.
653 ## - INDEX TERM--UNCONTROLLED
Uncontrolled term საინჟინრო გეოლოგია
653 ## - INDEX TERM--UNCONTROLLED
Uncontrolled term საინჟინრო პეტროლოგია
700 ## - ADDED ENTRY--PERSONAL NAME
Personal name ლორთქიფანიძე, თ
Relator term მთარგმნელი
9 (RLIN) 1847
700 ## - ADDED ENTRY--PERSONAL NAME
Personal name ღუდუშაური, მ
Relator term რედაქტორი
9 (RLIN) 1085
700 ## - ADDED ENTRY--PERSONAL NAME
Personal name გოგსაძე, ვ
Relator term რედაქტორი
9 (RLIN) 496
942 ## - ADDED ENTRY ELEMENTS (KOHA)
Koha item type წიგნი
Source of classification or shelving scheme
ეგზემპლარები
ჩამოწერის სტატუსი დაკარგული ეგზემპლარის სტატუსი კლასიფიკაციის წყარო ან თაროზე გაწყობის სქემა დაზიანების სტატუსი არ გაიცემა მუდმივი მდებარეობა (დაცვის ადგილი) ამჟამინდელი ადგილსამყოფელი თაროზე განთავსების ადგილი შეძენის თარიღი ღირებულება, შესყიდვის ნორმალური ფასი სრული შენახვის შიფრი შტრიხკოდი ბოლო ოპერაციის თარიღი ეგზემპლარის მიმდევრობითი ნომერი (კეტერი?) ფასის ძალაში შესვლის თარიღი ეგზემპლარის სახეობა საჯარო შენიშვნა
          ტექნოლოგიური ფაკულტეტის ბიბლიოთეკა ტექნოლოგიური ფაკულტეტის ბიბლიოთეკა წიგნსაცავი 2018-12-17 2.00 624.13:55(075.8) ლ-31 9756 2018-12-17 9756 2018-12-17 წიგნი 2 ლ. 80 თ.
          ტექნოლოგიური ფაკულტეტის ბიბლიოთეკა ტექნოლოგიური ფაკულტეტის ბიბლიოთეკა წიგნსაცავი 2018-12-17 2.00 624.13:55(075.8) ლ-31 9757 2018-12-17 9757 2018-12-17 წიგნი 2 ლ. 80 თ.
          ტექნოლოგიური ფაკულტეტის ბიბლიოთეკა ტექნოლოგიური ფაკულტეტის ბიბლიოთეკა წიგნსაცავი 2018-12-17 2.00 624.13:55(075.8) ლ-31 9758 2018-12-17 9758 2018-12-17 წიგნი 2 ლ. 80 თ.
          ტექნოლოგიური ფაკულტეტის ბიბლიოთეკა ტექნოლოგიური ფაკულტეტის ბიბლიოთეკა წიგნსაცავი 2018-12-17 2.00 624.13:55(075.8) ლ-31 9759 2018-12-17 9759 2018-12-17 წიგნი 2 ლ. 80 თ.
          ტექნოლოგიური ფაკულტეტის ბიბლიოთეკა ტექნოლოგიური ფაკულტეტის ბიბლიოთეკა წიგნსაცავი 2018-12-17 2.00 624.13:55(075.8) ლ-31 9760 2018-12-17 9760 2018-12-17 წიგნი 2 ლ.80 თ.
          ტექნოლოგიური ფაკულტეტის ბიბლიოთეკა ტექნოლოგიური ფაკულტეტის ბიბლიოთეკა წიგნსაცავი 2018-12-17 2.00 624.13:55(075.8) ლ-31 9761 2018-12-17 9761 2018-12-17 წიგნი 2 ლ. 80 თ.
          ტექნოლოგიური ფაკულტეტის ბიბლიოთეკა ტექნოლოგიური ფაკულტეტის ბიბლიოთეკა წიგნსაცავი 2018-12-17 2.00 624.13:55(075.8) ლ-31 9762 2018-12-17 9762 2018-12-17 წიგნი 2 ლ. 80 თ.
          ტექნოლოგიური ფაკულტეტის ბიბლიოთეკა ტექნოლოგიური ფაკულტეტის ბიბლიოთეკა წიგნსაცავი 2018-12-17 2.00 624.13:55(075.8) ლ-31 9763 2018-12-17 9763 2018-12-17 წიგნი 2 ლ. 80 თ.
          ტექნოლოგიური ფაკულტეტის ბიბლიოთეკა ტექნოლოგიური ფაკულტეტის ბიბლიოთეკა წიგნსაცავი 2018-12-17 2.00 624.13:55(075.8) ლ-31 9764 2018-12-17 9764 2018-12-17 წიგნი 2 ლ. 80 თ.
          ტექნოლოგიური ფაკულტეტის ბიბლიოთეკა ტექნოლოგიური ფაკულტეტის ბიბლიოთეკა წიგნსაცავი 2018-12-17 2.00 624.13:55(075.8) ლ-31 9765 2018-12-17 9765 2018-12-17 წიგნი 2 ლ. 80 თ.